Smash Character to Series - Picture Click #6 - Statistics

General Stats
  • This quiz has been taken 15 times
  • The average score is 8 of 10
Answer Stats
Hint Answer % Correct
Rosalina & Luma Mario
93%
Pac-Man Pac-Man
93%
Incineroar Pokémon
86%
Fox Star Fox
86%
Villager Animal Crossing
79%
Sephiroth Final Fantasy
79%
Roy Fire Emblem
79%
Captain Falcon F-Zero
71%
Sheik The Legend of Zelda
64%
Ridley Metroid
57%
No matching quizzes found
Score Distribution
Percent of People with Each Score
Percentile by Number Answered
Your Score History
You have not taken this quiz